<?xml version="1.0" encoding="UTF-8"?>
<record
    xmlns:xsi="http://www.w3.org/2001/XMLSchema-instance"
    xsi:schemaLocation="http://www.loc.gov/MARC21/slim http://www.loc.gov/standards/marcxml/schema/MARC21slim.xsd"
    xmlns="http://www.loc.gov/MARC21/slim">

  <leader>00882nam a2200241 a 4500</leader>
  <controlfield tag="001">BRCA_7233</controlfield>
  <controlfield tag="005">20190320205748.0</controlfield>
  <controlfield tag="008">240112s19371927nyuac#####---#000-0#eng-#</controlfield>
  <datafield tag="041" ind1=" " ind2=" ">
    <subfield code="a">eng</subfield>
  </datafield>
  <datafield tag="044" ind1=" " ind2=" ">
    <subfield code="a">nyu</subfield>
  </datafield>
  <datafield tag="050" ind1=" " ind2="4">
    <subfield code="a">N7616</subfield>
    <subfield code="b">.W44 1937</subfield>
  </datafield>
  <datafield tag="100" ind1="1" ind2=" ">
    <subfield code="a">Wehle, Harry B.</subfield>
    <subfield code="d">b. 1887.</subfield>
    <subfield code="q">(Harry Brandeis)</subfield>
    <subfield code="9">17917</subfield>
  </datafield>
  <datafield tag="245" ind1="1" ind2="0">
    <subfield code="a">American miniatures, 1730-1850</subfield>
    <subfield code="b">one hundred and seventy-three portraits selected with a descriptive account</subfield>
    <subfield code="c">by Harry B. Wehle; &amp; a biographical dictionary of the artists by Theodore Bolton.</subfield>
  </datafield>
  <datafield tag="260" ind1=" " ind2=" ">
    <subfield code="a">Garden City, Nueva York</subfield>
    <subfield code="b">Garden City</subfield>
    <subfield code="c">1937, c1927</subfield>
  </datafield>
  <datafield tag="300" ind1=" " ind2=" ">
    <subfield code="a">xxv, 127 p.</subfield>
    <subfield code="b">il. (algunas a color), 48 l&#xE1;minas, retratos</subfield>
    <subfield code="c">28 cm.</subfield>
  </datafield>
  <datafield tag="500" ind1=" " ind2=" ">
    <subfield code="a">Incluye &#xED;ndice alfab&#xE9;tico</subfield>
  </datafield>
  <datafield tag="500" ind1=" " ind2=" ">
    <subfield code="a">P198</subfield>
  </datafield>
  <datafield tag="650" ind1="1" ind2="4">
    <subfield code="a">Miniaturas</subfield>
    <subfield code="9">17918</subfield>
  </datafield>
  <datafield tag="650" ind1="1" ind2="4">
    <subfield code="a">Pintores estadounidenses</subfield>
    <subfield code="9">13443</subfield>
  </datafield>
  <datafield tag="700" ind1="1" ind2=" ">
    <subfield code="a">Bolton, Theodore</subfield>
    <subfield code="9">17919</subfield>
  </datafield>
  <datafield tag="902" ind1=" " ind2=" ">
    <subfield code="a">GFM</subfield>
  </datafield>
  <datafield tag="942" ind1=" " ind2=" ">
    <subfield code="2">lcc</subfield>
    <subfield code="c">B</subfield>
  </datafield>
  <datafield tag="999" ind1=" " ind2=" ">
    <subfield code="c">6914</subfield>
    <subfield code="d">6914</subfield>
  </datafield>
  <datafield tag="952" ind1=" " ind2=" ">
    <subfield code="0">0</subfield>
    <subfield code="1">0</subfield>
    <subfield code="4">0</subfield>
    <subfield code="7">0</subfield>
    <subfield code="a">BRCA</subfield>
    <subfield code="b">BRCA</subfield>
    <subfield code="d">2012-01-24</subfield>
    <subfield code="i">P198</subfield>
    <subfield code="l">0</subfield>
    <subfield code="o">N7616 .W44 1937 (P198)</subfield>
    <subfield code="p">7691</subfield>
    <subfield code="r">2019-03-22 00:00:00</subfield>
    <subfield code="w">2019-03-22</subfield>
    <subfield code="y">B</subfield>
  </datafield>
</record>
